Технические методы диагностических исследований: практикум; учебное пособие
| Hlavní autor: | |
|---|---|
| Korporativní autor: | |
| Shrnutí: | Заглавие с титульного экрана В практикуме рассмотрены методы и технические средства оценки функционального состояния сердечно-сосудистой и дыхательной систем организма человека, широко распространенные в современной медицинской клинической практике. Приведено описание пяти лабораторных работ, в ходе которых студенты получают практические навыки подготовки и настройки аппаратуры, проведения исследований, анализа полученной диагностической информации. Предназначено для студентов, обучающихся по направлению 200300 "Биомедицинская инженерия". Режим доступа: из корпоративной сети ТПУ |
| Jazyk: | ruština |
| Vydáno: |
Томск, Изд-во ТПУ, 2011
|
| Témata: | |
| On-line přístup: | http://www.lib.tpu.ru/fulltext2/m/2012/m25.pdf |
| Médium: | MixedMaterials Elektronický zdroj Kniha |
| KOHA link: | https://koha.lib.tpu.ru/cgi-bin/koha/opac-detail.pl?biblionumber=209027 |
MARC
| LEADER | 00000nlm0a2200000 4500 | ||
|---|---|---|---|
| 001 | 209027 | ||
| 005 | 20231226141337.0 | ||
| 035 | |a (RuTPU)RU\TPU\book\228318 | ||
| 090 | |a 209027 | ||
| 100 | |a 20120208d2011 m y0rusy50 ca | ||
| 101 | 0 | |a rus | |
| 102 | |a RU | ||
| 105 | |a a j 001zy | ||
| 135 | |a drgn ---uucaa | ||
| 181 | 0 | |a i | |
| 182 | 0 | |a b | |
| 200 | 1 | |a Технические методы диагностических исследований |e практикум |e учебное пособие |f А. А. Аристов |g Национальный исследовательский Томский политехнический университет (ТПУ) | |
| 203 | |a Текст |c электронный | ||
| 210 | |a Томск |c Изд-во ТПУ |d 2011 | ||
| 300 | |a Заглавие с титульного экрана | ||
| 330 | |a В практикуме рассмотрены методы и технические средства оценки функционального состояния сердечно-сосудистой и дыхательной систем организма человека, широко распространенные в современной медицинской клинической практике. Приведено описание пяти лабораторных работ, в ходе которых студенты получают практические навыки подготовки и настройки аппаратуры, проведения исследований, анализа полученной диагностической информации. Предназначено для студентов, обучающихся по направлению 200300 "Биомедицинская инженерия". | ||
| 333 | |a Режим доступа: из корпоративной сети ТПУ | ||
| 337 | |a Adobe Reader | ||
| 610 | 1 | |a электронный ресурс | |
| 610 | 1 | |a труды учёных ТПУ | |
| 610 | 1 | |a практикумы | |
| 610 | 1 | |a учебные пособия | |
| 610 | 1 | |a диагностика | |
| 610 | 1 | |a исследования | |
| 610 | 1 | |a методы | |
| 610 | 1 | |a функциональное состояние | |
| 610 | 1 | |a сердечно-сосудистая система | |
| 610 | 1 | |a дыхательная система | |
| 610 | 1 | |a организм человека | |
| 610 | 1 | |a медицина | |
| 610 | 1 | |a медицинские исследования | |
| 610 | 1 | |a аппаратура | |
| 610 | 1 | |a диагностическая информация | |
| 610 | 1 | |a биомедицинская инженерия | |
| 610 | 1 | |a биомедицинская техника | |
| 610 | 1 | |a лабораторные работы | |
| 610 | 1 | |a электрокардиография | |
| 610 | 1 | |a интегральная реография | |
| 700 | 1 | |a Аристов |b А. А. |c специалист в области электроники |c доцент Томского политехнического университета, кандидат технических наук |f 1972- |g Александр Александрович |3 (RuTPU)RU\TPU\pers\29233 |9 13835 | |
| 712 | 0 | 2 | |a Национальный исследовательский Томский политехнический университет (ТПУ) |c (2009- ) |3 (RuTPU)RU\TPU\col\15902 |
| 801 | 1 | |a RU |b 63413507 |c 20120208 | |
| 856 | 4 | |u http://www.lib.tpu.ru/fulltext2/m/2012/m25.pdf | |
| 942 | |c CF | ||